| 000 | 00810nam a2200217 i 4500 | ||
|---|---|---|---|
| 001 | 46513 | ||
| 003 | ES-MaACL | ||
| 005 | 20251003063059.0 | ||
| 007 | t| | ||
| 008 | 030331s1972 sp ||||1| spa d | ||
| 100 | 1 |
_aCongar, Yves, _d1904-1995 _940170 |
|
| 245 | 1 | 0 |
_aVocabulario ecuménico / _cpreparado bajo la dirección de Yves Congar ; [versión de Alejandro Esteban Lator Ros]. |
| 260 |
_aBarcelona : _bHerder, _c1972. |
||
| 300 |
_a393 p. ; _c21 cm. |
||
| 490 | 1 |
_aBiblioteca Herder. Sección de Teología y Filosofía ; _v132 |
|
| 650 | 4 |
_aIglesias protestantes- _xDoctrinas. _9141213 |
|
| 700 | 1 |
_aLator Ros, Alejandro Esteban. _970527 |
|
| 830 | 0 | 0 |
_aBiblioteca Herder. _pSección de teología y filosofía _v132 _9182106 |
| 852 |
_aES-MaACL _jC-46267 _bR.83691 |
||
| 999 |
_c46513 _d46513 |
||